000 01680cam a22004934i 4500
003 PE-LiUPU
005 20250731172944.0
008 150623s r 000 0 d
020 _a0931464838
035 _a(Sirsi) i9780931464836
040 _aPE-LiUPU
_bspa
_cPE-LiUPU
_erda
049 _aPRUA
082 0 4 _a296.49
_bV28
_221
100 1 _aVan Dam, Cornelis,
_eautor.
245 1 4 _aThe urim and thummim :
_ba means of revelation in ancient Israel /
_cpor Cornelis Van Dam.
264 1 _aWinona Lake, Indiana :
_bEisenbrauns,
_c1997.
300 _a296 páginas ;
_c23.5 centímetros
336 _atext
_2rdacontent
337 _aunmediated
_2rdamedia
338 _avolume
_2rdacarrier
504 _aIncluye bibliografía.
505 0 _aIntroduction. -History. -Biblical evidence. -Theological implications.
526 _aSEG42
526 _aSEG41
526 _aSEG40
526 _aSEG39
526 _aP94
526 _aP87
526 _aP86
526 _aP85
526 _aP77
526 _aP76
526 _aP35
630 _aBiblia.
_pA.T.
_xCrítica, interpretation, etc.
650 0 4 _aAdivinación
_xEnseñanza bíblica.
650 0 4 _aAdivinación
_zOriente cercano.
650 0 4 _aUrim y Tumim
_xHistoria de las doctrinas.
942 _2ddc
_cBOOK
949 _a296.49 V28
_wDEWEY
_c1
_i44713
_lCCODEBUL1
_mBUL
_r0
_sY
_tBOOK
_u2015-6-24
_xTEOLOGIA
_PP35
_0COMPRA
_o.STAFF. Colección General
994 _aC0
_bPEPRU
596 _a1
999 _a296.49 V28
_wDEWEY
_c21577
_i44713
_f2021-11-11
_g5
_lCCODEBUL1
_mBUL
_r0
_sY
_tBOOK
_u2015-6-24
_xTEOLOGIA
_PP35
_0COMPRA
_o.STAFF. Colección General
_d21577
980 _81
_gALBERTO SANCHEZ Responsable de Automatización